header

Critical issues in higher education (Record no. 11994)

MARC details
000 -LEADER
fixed length control field 01241nam a2200313Ia 4500
245 00 - TITLE STATEMENT
Title Critical issues in higher education
260 ## - PUBLICATION, DISTRIBUTION, ETC. (IMPRINT)
Place of publication Rotterdam ;
-- Boston :
Name of publisher SensePublishers,
Year of publication c2013.
300 ## - PHYSICAL DESCRIPTION
Number of Pages xii, 268 p.
490 1# - SERIES STATEMENT
Series statement Critical issues in the future of learning and teaching ;
650 #0 - SUBJECT ADDED ENTRY--TOPICAL TERM
Topical Term Education, Higher.
Topical Term Education.
700 1# - ADDED ENTRY--PERSONAL NAME
Personal name Kompf, Michael.
Personal name Denicolo, Pam.
856 40 - ELECTRONIC LOCATION AND ACCESS
Uniform Resource Identifier http://site.ebrary.com/lib/rucke/Doc?id=10687676

No items available.

© 2026 Rongo University
Contact us: librarian | system librarian | Rongo university